000 00581nam a2200217Ia 4500
003 OSt
005 20220928135434.0
006 a|||||r|||| 00| 0
007 ta
008 220927b |||||||| |||| 00| 0 eng d
024 _a2195
037 _cTextual
040 _aSDCL
_cSDCL
_beng
041 _2eng
_aeng
082 _aX:51-75, P2
100 _aDunmore Michael
_9490672
245 0 _aInside-out marketing
_b How to create an internal marketing strategy
260 _c2002
942 _hX:51-75, P2
_cTEXL
_2CC
999 _c806006
_d806006